Guess the Glee Lyrics! 23 Quiz Stats

 Plays Quiz not verified by Sporcle

Score 0/176 Timer 10:00
0 Plays Today
Lyric % Correct
a
96.5%
the
96.5%
the
96.5%
a
96.5%
and
96.5%
a
96.5%
the
96.5%
and
96.5%
I
93.4%
I
93.4%
I
93.4%
I
93.4%
I
93.4%
I
93.4%
I
93.4%
I
93.4%
I
93.4%
I
93.4%
you
92%
you
91.9%
you
91.9%
you
91.9%
you
91.9%
you
91.9%
me
76.2%
me
76.2%
it
75.7%
it
75.7%
it
75.7%
to
74.6%
do
73.1%
do
73.1%
do
73.1%
your
72.9%
your
72.9%
Is
72.8%
is
72.8%
we
72.7%
we
72.7%
we
72.7%
in
72.6%
do
71%
on
67.6%
on
67.6%
on
67.6%
go
66.6%
go
66.6%
go
66.6%
go
66.6%
go
66.6%
go
66.6%
go
66.6%
so
66.1%
can
66%
can
66%
No
65.7%
no
65.7%
no
65.7%
no
65.7%
Lyric % Correct
no
65.7%
no
65.7%
no
65.7%
for
65.6%
if
61.6%
if
61.6%
if
61.6%
im
61.5%
It's
61%
it's
61%
of
60.1%
of
60.1%
this
57.5%
this
57.5%
Who
56.7%
Who
56.7%
We're
55.7%
we're
55.7%
know
54.8%
know,
54.8%
just
54.7%
just
54.7%
just
54.7%
just
54.7%
don't
54.6%
what
54.2%
Or
54%
will
53.5%
like
53.5%
like
53.5%
eyes?
52.7%
look
52.5%
one
52.5%
think
52.3%
think
52.3%
think
52.3%
say
50.9%
say
50.9%
say
50.9%
say
50.9%
wanna
50.7%
baby,
50.7%
baby,
50.7%
baby
50.7%
baby
50.7%
baby
50.7%
night
48.8%
wanna
48.6%
wanna
48.6%
wanna
48.6%
wanna
48.6%
yeah
48.3%
yeah
48.3%
yeah
48.3%
yeah
48.3%
yeah
48.3%
something
48.2%
marry
46.4%
marry
46.4%
Lyric % Correct
marry
46.4%
girl
46.3%
girl
46.3%
I'll
46.3%
girl
46.3%
girl
46.3%
Hey
46.2%
beautiful
45.8%
looking
45.5%
Well
45%
we'll
45%
got
44.8%
dancing
44.3%
cares
44.3%
cares
44.3%
dumb
43.3%
up
41.5%
up
41.5%
Come
41.3%
little
41%
juice
40.4%
ready
39.1%
ready
39.1%
won't
39.1%
chapel
38.9%
was
38.7%
boulevard
37%
get
37%
full
36.2%
cash
36%
'cause
35.8%
pocket
35.8%
that's
35.6%
let
35.6%
now
35.6%
now
35.6%
Shots
34.5%
trashed
33.4%
blow,
31.9%
fun
31.5%
break
31.3%
cool
30.9%
wake
30.2%
tell
29.7%
tell
29.7%
patron,
29.4%
blame
29.4%
sing
29.3%
right
27.6%
right
27.6%
ooo
26.9%
ring
26.8%
choir
26.7%
run
26.2%
lets
26%
bells
25.6%
chorus
11.7%
chorus
11.7%

You're not logged in!

Compare scores with friends on all Sporcle quizzes.
OR
Log In

Show Comments

Extras

Created Apr 10, 2011ReportNominate
Tags:glee

Top Quizzes Today


Score Distribution

Your Account Isn't Verified!

In order to create a playlist on Sporcle, you need to verify the email address you used during registration. Go to your Sporcle Settings to finish the process.

Report this User

Report this user for behavior that violates our Community Guidelines.

Details: